Fundamentals of plant pathology / (Record no. 618)

MARC details
000 -LEADER
fixed length control field 00643nam a22002417a 4500
001 - CONTROL NUMBER
control field BD-DhSAU 618
003 - CONTROL NUMBER IDENTIFIER
control field BD-DhSAU
005 - DATE AND TIME OF LATEST TRANSACTION
control field 20150105201504.0
008 - FIXED-LENGTH DATA ELEMENTS--GENERAL INFORMATION
fixed length control field 150105b xxu||||| |||| 00| 0 eng d
020 ## - INTERNATIONAL STANDARD BOOK NUMBER
International Standard Book Number 0716715058
040 ## - CATALOGING SOURCE
Transcribing agency BD-DhSAU
082 ## - DEWEY DECIMAL CLASSIFICATION NUMBER
Edition number 22
Classification number 581.2
Item number ROF
100 ## - MAIN ENTRY--PERSONAL NAME
Personal name Roberts,Daniel A.
245 ## - TITLE STATEMENT
Title Fundamentals of plant pathology /
250 ## - EDITION STATEMENT
Edition statement 2nd ed.
260 ## - PUBLICATION, DISTRIBUTION, ETC. (IMPRINT)
Place of publication, distribution, etc. Delhi :
Name of publisher, distributor, etc. CBS publishers & distributors ;
Date of publication, distribution, etc. c1972.
300 ## - PHYSICAL DESCRIPTION
Extent xvi, 432 p.:
Other physical details ill. ,
Dimensions 21 cm.
504 ## - BIBLIOGRAPHY, ETC. NOTE
Bibliography, etc Includes bibliography and index
590 ## - Name of Cataloguer
Name of Cataloger IMRAN
650 ## - SUBJECT ADDED ENTRY--TOPICAL TERM
Topical term or geographic name as entry element Plant pathology
650 ## - SUBJECT ADDED ENTRY--TOPICAL TERM
Topical term or geographic name as entry element pathology
700 ## - ADDED ENTRY--PERSONAL NAME
Personal name Boothroyd, Carlw.
942 ## - ADDED ENTRY ELEMENTS (KOHA)
Source of classification or shelving scheme Dewey Decimal Classification
Koha item type Book
Holdings
Withdrawn status Lost status Source of classification or shelving scheme Damaged status Not for loan Home library Branch Name Shelving location Date acquired Total Checkouts Full call number Barcode Date last seen Date checked out Price effective from Koha item type Collection code
    Dewey Decimal Classification     SAU Library SAU Library General Stacks 28/06/1992 1 581.2 ROF 20831 13/03/2023 28/02/2023 05/01/2015 Book  
    Dewey Decimal Classification     SAU Library SAU Library General Stacks 28/06/1992 2 581.2 ROF 20826 06/01/2025 01/12/2024 05/01/2015 Book  
    Dewey Decimal Classification     SAU Library SAU Library General Stacks 28/06/1992   581.2 ROF 20827 11/01/2015   11/01/2015 Book  
    Dewey Decimal Classification     SAU Library SAU Library General Stacks 28/06/1992   581.2 ROF 20829 17/02/2015   17/02/2015 Book  
    Dewey Decimal Classification     SAU Library SAU Library General Stacks 28/06/1992   581.2 ROF 20824 17/02/2015   17/02/2015 Book  
    Dewey Decimal Classification     SAU Library SAU Library General Stacks 28/06/1992 5 581.2 ROF 20828 30/03/2026 22/04/2025 17/02/2015 Book  
    Dewey Decimal Classification     SAU Library SAU Library General Stacks 20/06/1992 1 581.2 ROF 20823 15/09/2024 15/07/2024 22/02/2015 Book  
    Dewey Decimal Classification     SAU Library SAU Library General Stacks 28/06/1992   581.2 ROF 20825 22/02/2015   22/02/2015 Book  
    Dewey Decimal Classification   Not For Loan SAU Library SAU Library Reference 25/06/1992   581.2 ROF 20822 13/05/2015   13/05/2015 Book Reference